The Economic and social modernization of the Republic of Korea / (Record no. 63933)
[ view plain ]
| 000 -LEADER | |
|---|---|
| fixed length control field | 01114pam a2200325 i 4500 |
| 001 - CONTROL NUMBER | |
| control field | 2299048 |
| 003 - CONTROL NUMBER IDENTIFIER | |
| control field | BD-DhUL |
| 005 - DATE AND TIME OF LATEST TRANSACTION | |
| control field | 20160512120425.0 |
| 008 - FIXED-LENGTH DATA ELEMENTS--GENERAL INFORMATION | |
| fixed length control field | 800822s1980 maua b 001 0 eng |
| 010 ## - LIBRARY OF CONGRESS CONTROL NUMBER | |
| LC control number | 80021531 |
| 020 ## - INTERNATIONAL STANDARD BOOK NUMBER | |
| International Standard Book Number | 0674231759 |
| 040 ## - CATALOGING SOURCE | |
| Original cataloging agency | DLC |
| Transcribing agency | DLC |
| Modifying agency | DLC |
| -- | BD-DhUL |
| 043 ## - GEOGRAPHIC AREA CODE | |
| Geographic area code | a-ko--- |
| 050 00 - LIBRARY OF CONGRESS CALL NUMBER | |
| Classification number | HC467 |
| Item number | .E26 1980 |
| 082 00 - DEWEY DECIMAL CLASSIFICATION NUMBER | |
| Classification number | 330.9519 |
| Item number | ECO |
| 245 04 - TITLE STATEMENT | |
| Title | The Economic and social modernization of the Republic of Korea / |
| Statement of responsibility, etc. | edited by Edward S. Mason ... [et al.]. |
| 260 ## - PUBLICATION, DISTRIBUTION, ETC. (IMPRINT) | |
| Place of publication, distribution, etc. | Cambridge : |
| Name of publisher, distributor, etc. | Harvard University Press, |
| Date of publication, distribution, etc. | 1980. |
| 300 ## - PHYSICAL DESCRIPTION | |
| Extent | xxxii, 552 p. : |
| Other physical details | ill. ; |
| Dimensions | 24 cm. |
| 440 #0 - SERIES STATEMENT/ADDED ENTRY--TITLE | |
| Title | Studies in the modernization of the Republic of Korea, 1945-1975 |
| 440 #0 - SERIES STATEMENT/ADDED ENTRY--TITLE | |
| Title | Harvard East Asian monographs ; |
| Volume/sequential designation | 92 |
| 500 ## - GENERAL NOTE | |
| General note | Includes index. |
| 504 ## - BIBLIOGRAPHY, ETC. NOTE | |
| Bibliography, etc | Bibliography: p. 525-534. |
| 590 ## - LOCAL NOTE (RLIN) | |
| Local note | In English. |
| 651 #0 - SUBJECT ADDED ENTRY--GEOGRAPHIC NAME | |
| Geographic name | Korea |
| General subdivision | Economic conditions |
| Chronological subdivision | 1945- |
| 651 #0 - SUBJECT ADDED ENTRY--GEOGRAPHIC NAME | |
| Geographic name | Korea |
| General subdivision | Social conditions |
| Chronological subdivision | 1945- |
| 700 1# - ADDED ENTRY--PERSONAL NAME | |
| Personal name | Mason, Edward Sagendorph |
| 710 2# - ADDED ENTRY--CORPORATE NAME | |
| Corporate name or jurisdiction name as entry element | Harvard University. |
| Subordinate unit | Council on East Asian Studies. |
| 906 ## - LOCAL DATA ELEMENT F, LDF (RLIN) | |
| a | 7 |
| b | cbc |
| c | orignew |
| d | u |
| e | ocip |
| f | 19 |
| g | y-gencatlg |
| 942 ## - ADDED ENTRY ELEMENTS (KOHA) | |
| Source of classification or shelving scheme | |
| Koha item type | Books |
| Price effective from | Date last seen | Permanent Location | Not for loan | Date acquired | Source of classification or shelving scheme | Koha item type | Lost status | Withdrawn status | Copy number | Source of acquisition | Collection code | Damaged status | Shelving location | Barcode | Current Location | Full call number |
|---|---|---|---|---|---|---|---|---|---|---|---|---|---|---|---|---|
| 2016-05-12 | 2016-05-12 | Dhaka University Library | 2016-05-12 | Books | 1 | Gift | Non Fiction | General Stacks | 400691 | Dhaka University Library | 330.9519 ECO |
